UM Logo

What breeds conspiracy antisemitism? the role of political uncontrollability and uncertainty in the bilief in jewish conspiracy / (Record no. 20413)

MARC details
000 -LEADER
fixed length control field 00954nam a22002057a 4500
005 - DATE AND TIME OF LATEST TRANSACTION
control field 20260304084517.0
008 - FIXED-LENGTH DATA ELEMENTS--GENERAL INFORMATION
fixed length control field 240814b ||||| |||| 00| 0 eng d
082 ## - DEWEY DECIMAL CLASSIFICATION NUMBER
Classification number DPer 155.205 J826 April-June 2020 v. 118 n. 4-6
100 ## - MAIN ENTRY--PERSONAL NAME
Personal name Kofta, Miraslow.
Relator term author.
9 (RLIN) 57622
245 ## - TITLE STATEMENT
Title What breeds conspiracy antisemitism? the role of political uncontrollability and uncertainty in the bilief in jewish conspiracy /
Statement of responsibility, etc. Miraslow Kofta, Wiktor Soral, and Michal Bilewicz.
260 ## - PUBLICATION, DISTRIBUTION, ETC. (IMPRINT)
Place of publication, distribution, etc. Washington ;
Name of publisher, distributor, etc. American Psychological Association ,
Date of publication, distribution, etc. May 2020.
300 ## - PHYSICAL DESCRIPTION
Extent Volume 118, pages 900-918 :
Other physical details illustration ;
Dimensions 28 cm.
500 ## - GENERAL NOTE
General note Journal of Personality and Social Psychology, vol. 118, no. 5, pages 900-918, May 2020.
650 ## - SUBJECT ADDED ENTRY--TOPICAL TERM
Topical term or geographic name as entry element Psychology.
9 (RLIN) 60072
650 ## - SUBJECT ADDED ENTRY--TOPICAL TERM
Topical term or geographic name as entry element Political psychology.
9 (RLIN) 60062
700 ## - ADDED ENTRY--PERSONAL NAME
Personal name Kofta, Miraslow.
Relator term author.
9 (RLIN) 57623
700 ## - ADDED ENTRY--PERSONAL NAME
Personal name Soral, Wiktor.
Relator term author.
9 (RLIN) 57624
700 ## - ADDED ENTRY--PERSONAL NAME
Personal name Bilewicz, Michal.
Relator term author.
9 (RLIN) 57625
942 ## - ADDED ENTRY ELEMENTS (KOHA)
Source of classification or shelving scheme Dewey Decimal Classification
Koha item type Periodicals
Holdings
Withdrawn status Lost status Source of classification or shelving scheme Damaged status Not for loan Collection code Home library Current library Date acquired Total Checkouts Full call number Date last seen Price effective from Koha item type Public note
    Dewey Decimal Classification     Periodicals UM Digos College - LIC UM Digos College - LIC 08/14/2024   DPer 155.205 J826 April-June 2020 v. 118 n. 4-6 08/14/2024 08/14/2024 Periodicals Periodical Article